| 000 | 003680000a22001450004500 | ||
|---|---|---|---|
| 003 | LK-CoMWRAF | ||
| 008 | 230817t ||||| |||| 00| 0 eng d | ||
| 040 |
_aLK-CoMWRAF _dLK-CoMWRAF _eLK-CoMWRAF |
||
| 041 | _aeng | ||
| 082 |
_a320 _bWOM |
||
| 245 |
_aWomen's Charter (Sri Lanka) _b |
||
| 260 |
_bMinistry of Women's Affairs _aSri Lanka _c |
||
| 300 | _ap.10 | ||
| 942 | _cBK | ||
| 999 |
_c2127 _d2127 |
||